000 00263nam a2200109Ia 4500
005 20251222114400.0
008 251222s1900||||xx |||||||||||||| ||spa||
082 _aDVD0070/N49/2003
245 0 _aLa sonrisa de Mona Lisa
264 _bRevolution Studios
942 _cDVD
999 _c1598
_d1598